| 000 | 00451cam a2200169 a 4500 | ||
|---|---|---|---|
| 020 | _a0070228167 (alk. paper) | ||
| 040 | _cDLC | ||
| 082 | 0 | 0 | _a302 HIL 1996 A074 Or. |
| 100 | 1 | _aGamble, Teri Kwal. | |
| 245 | 1 | 0 | _aCommunication works / |
| 250 | _a5th ed. | ||
| 260 |
_aNew York : _bMcGraw-Hill, _cc1996. |
||
| 300 |
_axxxii, 542, 12 p. : _bill. (some col.) ; _c24 cm. |
||
| 650 | 0 | _aOral communication. | |
| 700 | 1 | _aGamble, Michael, | |
| 942 | _cEK | ||
| 999 |
_c15204 _d15204 |
||